Quizzes
Events
Quiz Creation
Community
Videos
Private Events
Remove Ads
Sign In
Join for FREE
Feedback
Dark Mode
Quiz Categories
Sports
Geography
Music
Movies
Television
Just For Fun
Miscellaneous
History
Literature
Language
Science
Gaming
Entertainment
Religion
Holiday
For Kids
Quiz Lab
Recent
Popular Today
Quiz Kudos Today
Editor Picks
Curator Picks
Quizzes by...
Day
Popularity
Type
Ratings
Length
Year
Community
Subscriptions
Recent Discussions
Orange Saloon
Badges
Playlists
Quests
Create
Leaderboards
Showdown
Live 5
Trivia Bingo
Activity
Puzzle Library
Sporcle Events
Private Events
Virtual Trivia
Globe League
Become a Host
Pub Owners
SporcleCon
Opinionation
Our Games
Videos
Blog
Mobile Apps
Partnerships
Remove Ads and Go Orange
Feedback
Movies
Disney
Marvel Cinematic Universe
Movie Resume
Movie Titles
Oscar
Actor
Actress
Director
Pixar
Role
Movie Quotes
Movie Characters
Box Office
Nominee
Best Picture
Star Wars
James Bond
Horror Movies
Movies
Disney
Marvel Cinematic Universe
Movie Resume
Movie Titles
Oscar
Actor
Actress
Director
Pixar
Role
Movie Quotes
Movie Characters
Box Office
Nominee
Best Picture
Star Wars
James Bond
Horror Movies
Random Quiz
Search Sporcle
×
Quiz Lab
Quiz Lab
Movies
Star Wars
Type in answers that appear in a list
Type in answers that appear in a list
Classic
Best Score? Go Orange.
Star Wars or Riddick Stats
Can you name the movie for each item (Star Wars or Chronicles of Riddick)?
By
Jb4501
7m
57 Questions
126 Plays
126 Plays
126 Plays
Comments
Comments
Give Quiz Kudos
Give Quiz Kudos
-
- Ratings
hide this ad
More Info
No Skip
Answers have to be entered in order without skipping
Answers have to be entered in order without skipping
Wrong Answers
Some wrong answers will appear in red
Some wrong answers will appear in red
Replay
Link that replays current quiz
Next Quiz
Link to next quiz in quiz playlist
You Got
0%
They Got
Avg Score
76%
Avg Friend Score
Upgrade to see
Score Distribution
Jump to the score distribution portion of the page
Score
0/57
Timer
07:00
0
Plays Today
Planet/Species
SW or CR
% Correct
?
???
98.4%
?
???
98.4%
?
???
96%
?
???
96%
?
???
95.2%
?
???
93.7%
?
???
92.1%
?
???
92.1%
?
???
90.5%
?
???
90.5%
?
???
89.7%
?
???
88.9%
?
???
88.1%
?
???
88.1%
?
???
86.5%
?
???
86.5%
?
???
85.7%
?
???
85.7%
?
???
84.9%
?
???
84.1%
?
???
83.3%
?
???
81.7%
?
???
81%
?
???
79.4%
?
???
78.6%
?
???
77.8%
?
???
77%
?
???
75.4%
?
???
75.4%
Planet/Species
SW or CR
% Correct
?
???
75.4%
?
???
75.4%
?
???
74.6%
?
???
71.4%
?
???
71.4%
?
???
71.4%
?
???
70.6%
?
???
69.8%
?
???
69.8%
?
???
69.8%
?
???
69.8%
?
???
69.8%
?
???
69%
?
???
69%
?
???
69%
?
???
67.5%
?
???
67.5%
?
???
66.7%
?
???
65.9%
?
???
65.9%
?
???
65.1%
?
???
64.3%
?
???
64.3%
?
???
60.3%
?
???
58.7%
?
???
56.3%
?
???
48.4%
?
???
47.6%
Quiz Playlist
Details
Report
Send in Message
Add To Playlist
More Info:
Enter 'SW' for Star Wars and 'CR' for Chronicles of Riddick.
Classic:
Type in answers that appear in a list
No Skip:
Answers have to be entered in order without skipping
Wrong Answers:
Some wrong answers will appear in red
Last Updated: Feb 16, 2017
Quiz Scoreboard
CHALLENGE
Sign Up to Join the Scoreboard
Show All
Scores
Hide
Comments
May contain spoilers
Recently Published
College Basketball Coaching Resumes
by pancakes188
Sports
9m
Billboard Blitz: Fleetwood Mac
by CooCooCachoo
Music
15s
Presidents Visiting Landmarks
by Hejman
History
7m
More to Explore
Quiz From the Vault
Featured Blog Post
Where Did the Easter Bunny Come From?
hide this ad
You Might Also Like...
Tags
Star Wars Quiz
Today's Top Quizzes in Movies
Browse Movies
hide this ad
Today's Top Quizzes in Star Wars
Browse Star Wars
Top Contributed Quizzes in Movies
1
Pick 5 Posters: Directed by Spielberg
2
7-to-1: Pixar Characters
3
Pick 5 Posters: Lowest-Rated Spielberg
4
Pick 5 Posters: Directed by Scorsese
5
Sorting Actors
6
Sorting Actresses
7
Pick 5 Posters: Star & Director
8
Pick 5 Posters: Women Directed 2020s
9
12 Movies about Fictional 1960s Events
10
Multi-Oscar Nominations, One Movie, One Winner
Explore More
Trending Topics
Harry Potter
Crossword
Anime
Marvel
Disney
NBA
Kpop
Country
Puzzle
Song
WWE
The Office
Soccer
Pokémon
NFL
hide this ad
More By:
Jb4501
Quiz
Plays
Rating
Category
Featured
Created
South Park Character Click
2,957
2.67
Television
Apr 8, 2013
Assassin's Creed Locations Click
1,122
3.00
Gaming
Apr 30, 2013
Brickleberry characters
818
4.67
Television
Sep 16, 2013
TV Characters Click by Show
547
3.00
Television
Dec 18, 2013
Always Sunny in Philadelphia Fan Quiz
511
3.83
Television
Apr 10, 2013
Go to Creator's Profile
Score Distribution
Quiz Creator Spotlight
Jb4501
Follow
Send a Message
Quizzes Created
-
Created Quiz Play Count
-
More By This Creator
Popular Quizzes Today
1
Find the US States - No Outlines Minefield
2
Find the Countries of Europe - No Outlines Minefield
3
The Countries of the World
4
Find the US States
5
Risky Map Clicking: Biggest States A-Z
6
US States
7
Popular People in 1961
8
Movies - When Are They Set?
More Movies Quizzes
50 Most Known Sith Lords
Quiz Lab
Trending Quizzes
Risky Map Clicking: Least Populous States A-Z
1-10 Letter G Words
1-10 Letter F Words
Risky Map Clicking: Next State Alphabetically
Click the Washington State Counties! (Map)
Recently Updated
Leaping Animals
pecheneg
Reality TV Shows (A-Z)
bhenderson79
Rickey Henderson's Hall of Fame Teammates
pecheneg
Champions League XIs: Arsenal
pecheneg
Quick Pick: Celebrities in WWE's Hall of Fame
aduchscher
A-Z Keypad Blitz II
pecheneg
Multiple Oscar Actors
pecheneg
Mystery Phrase Blitz: Oscar 'Best Actors'
pecheneg
F. Scott Fitzgerald Novels
LTH
Pick 3 Villains
ddd62291
Trending Topics
Anime
Marvel
NBA
Crossword
Kpop
Disney
Harry Potter
The Office
Country
NFL
Puzzle
WWE
Soccer
Song
Pokémon
Your Account Isn't Verified!
In order to create a playlist on Sporcle, you need to verify the email address you used during registration. Go to your
Sporcle Settings
to finish the process.
Report this User
Report this user for behavior that violates our
Community Guidelines
.
Details:
Send Report
Go to the Sporcle.com Mobile Site →
Comments